000 01456nam a22002537a 4500
005 2012032301581.0
010 _aB-447230-234
020 _a9788123727622
_c45.00
035 _aB-447230-234
037 _adpl
_bK.K.Pub
082 _a921
100 _aRaghavan, G.N.S
_944744
245 _aAruna Asaf Ali :
_ba compassionate radical /
_cby G.N.S. Raghavan
260 _aNew Delhi
_bNational Book Trust
_c2008
270 _aA-5 Green Park,
_bNew Delhi
_e110016
300 _aix,183p.
_bill
_c22cm(pbk)
942 _2ddc
_cEN
_mRAG
_h921
999 _c64334
_d64334